[Event "1st FIDE OWCCCC Pools-East 2021"]
[Site "Online"]
[Date "2021.02.19"]
[Round "2"]
[White "Ali Rached, Fodil"]
[Black "Moosa, Hamad"]
[Result "0-1"]
[WhiteElo "1139"]
[BlackElo "1403"]
[Annotator "NA"]
[PlyCount "112"]
[EventDate "2021.02.19"]
[EventType "team-tourn"]
[EventCountry "NET"]
[SourceTitle "playchess.com"]
[Source "ChessBase"]
[SourceQuality "1"]

1. d4 Nf6 2. c4 g6 3. Nc3 Bg7 4. e4 d6 5. f3 O-O 6. Be3 Nbd7 7. Qd2 c5 8. Nge2 cxd4 9. Nxd4 a6 10. Be2 a5 11. g4 h5 12. gxh5 Nxh5 13. f4 e5 14. fxe5 Nxe5 15. O-O-O Nf6 16. h4 Nfg4 17. Bg5 f6 18. Bxg4 Bxg4 19. Bh6 Bxd1 20. Rxd1 Nxc4 21. Qf4 Qb6 22. b3 Ne5 23. Bxg7 Kxg7 24. Ne6+ Kh7 25. Nxf8+ Rxf8 26. Nd5 Qc5+ 27. Kb1 Kg7 28. h5 g5 29. Qf5 Qc8 30. h6+ Kh8 31. Qxc8 Rxc8 32. Nxf6 Nf7 33. Ng4 Kh7 34. Rd5 Kg6 35. Rxa5 Nxh6 36. Nxh6 Kxh6 37. Rd5 Rc6 38. e5 dxe5 39. Rxe5 Kh5 40. a4 Rb6 41. Kb2 Kh4 42. Kc3 g4 43. Re1 g3 44. a5 Rc6+ 45. Kd3 Kh3 46. Re3 Kh2 47. Ke2 Rc2+ 48. Kf3 g2 49. Re8 Rc3+ 50. Kf2 g1=Q+ 51. Ke2 Qg4+ 52. Kd2 Qd4+ 53. Ke2 Rc2+ 54. Ke1 Qd2+ 55. Kf1 Rc1+ 56. Re1 Rxe1# 0-1

[Event "1st FIDE OWCCCC Pools-East 2021"]
[Site "Online"]
[Date "2021.02.19"]
[Round "2"]
[White "Marincas, Monica"]
[Black "Liefrink, Feike"]
[Result "0-1"]
[WhiteElo "1121"]
[BlackElo "1891"]
[Annotator "NA"]
[PlyCount "62"]
[EventDate "2021.02.19"]
[EventType "team-tourn"]
[EventCountry "NET"]
[SourceTitle "playchess.com"]
[Source "ChessBase"]
[SourceQuality "1"]

1. d4 d5 2. Nf3 Nf6 3. e3 e6 4. Bd3 Be7 5. O-O O-O 6. b3 c5 7. Bb2 Nc6 8. c4 b6 9. Nbd2 Qc7 10. cxd5 Nxd5 11. Ne5 Bb7 12. f4 cxd4 13. exd4 f6 14. Nxc6 Qxc6 15. Rc1 Qd7 16. Qe2 Bd6 17. Rf3 Nb4 18. Bxh7+ Kxh7 19. Rh3+ Kg8 20. Qh5 Rfc8 21. Qg6 Qf7 22. Rh8+ Kxh8 23. Qxf7 Bd5 24. Rxc8+ Rxc8 25. Qd7 Rc2 26. Qe8+ Kh7 27. Qh5+ Kg8 28. Qe8+ Bf8 29. Nf3 Rxb2 30. a3 Nd3 31. Qg6 Rb1+ 0-1

[Event "1st FIDE OWCCCC Pools-East 2021"]
[Site "Online"]
[Date "2021.02.19"]
[Round "2"]
[White "Ginnela, Rajitha"]
[Black "Jagadish, H.d."]
[Result "0-1"]
[WhiteElo "831"]
[BlackElo "2104"]
[Annotator "ChessBase"]
[PlyCount "40"]
[EventDate "2021.02.19"]
[EventType "team-tourn"]
[EventCountry "NET"]
[SourceTitle "playchess.com"]
[Source "ChessBase"]
[SourceQuality "1"]

1. e4 c5 2. Nf3 Nc6 3. d4 cxd4 4. Nxd4 Nf6 5. Nxc6 bxc6 6. Nc3 e5 7. Bd3 d5 8. f3 Bc5 9. exd5 Nxd5 10. Nxd5 cxd5 11. Qe2 O-O 12. Qxe5 Re8 13. Qxe8+ Qxe8+ 14. Kd2 Bd7 15. Re1 Qb8 16. Ke2 Qxh2 17. Be3 Re8 18. Kf2 Qh4+ 19. Kf1 Bxe3 20. c4 Qf2# 0-1

[Event "1st FIDE OWCCCC Pools-East 2021"]
[Site "Online"]
[Date "2021.02.19"]
[Round "2"]
[White "Meroni, Alessio"]
[Black "Schein, Jutta"]
[Result "1/2-1/2"]
[WhiteElo "639"]
[BlackElo "806"]
[Annotator "NA"]
[PlyCount "154"]
[EventDate "2021.02.19"]
[EventType "team-tourn"]
[EventCountry "NET"]
[SourceTitle "playchess.com"]
[Source "ChessBase"]
[SourceQuality "1"]

1. d4 d5 2. Nc3 Nf6 3. Bf4 Bf5 4. e3 e6 5. a3 Be7 6. Nf3 Nc6 7. Bb5 O-O 8. Bxc6 bxc6 9. O-O Bd6 10. h3 Bxf4 11. exf4 Nh5 12. g3 Nf6 13. b4 h6 14. Qe2 Ne4 15. Nxe4 Bxe4 16. Ne5 Qe8 17. f3 f6 18. Ng4 h5 19. Ne3 g6 20. fxe4 dxe4 21. Nc4 Qd7 22. Qxe4 f5 23. Qe5 Rae8 24. Na5 Rf7 25. Nb7 Rb8 26. Nc5 Qe7 27. Na6 Rb6 28. Nc5 Rb5 29. Rae1 Rf6 30. c4 Rb8 31. Ne4 fxe4 32. Rxe4 a5 33. b5 cxb5 34. cxb5 Kf7 35. Qc5 Qxc5 36. dxc5 Rxb5 37. Rfe1 Rxc5 38. f5 gxf5 39. Ra4 e5 40. Rh4 Kg6 41. g4 fxg4 42. hxg4 hxg4 43. Rxg4+ Kf5 44. Rge4 Rg6+ 45. Kf2 Rc2+ 46. Ke3 Rc3+ 47. Kd2 Rc5 48. Ke3 Rh6 49. Ra4 Rh3+ 50. Kd2 Rh2+ 51. Kd1 Rd5+ 52. Kc1 Rc5+ 53. Kd1 Rh3 54. Rf1+ Ke6 55. Re4 Rd3+ 56. Ke2 Rxa3 57. Rf5 Rc2+ 58. Kf1 Ra1+ 59. Re1 Rxe1+ 60. Kxe1 Kxf5 61. Kd1 Rc5 62. Kd2 Ke6 63. Ke3 Kd5 64. Kd3 a4 65. Ke3 a3 66. Kf3 a2 67. Kg4 a1=Q 68. Kf5 Kd4 69. Kf6 e4 70. Ke7 e3 71. Kd7 e2 72. Ke6 e1=Q+ 73. Kf6 Qab1 74. Kg7 Qg1+ 75. Kf7 Qf5+ 76. Ke8 Qe1+ 77. Kd8 Qee5 1/2-1/2

[Event "1st FIDE OWCCCC Pools-East 2021"]
[Site "Online"]
[Date "2021.02.19"]
[Round "2"]
[White "Taqi, Fatma"]
[Black "Afraoui, Solenn"]
[Result "0-1"]
[WhiteElo "599"]
[BlackElo "1889"]
[Annotator "NA"]
[PlyCount "68"]
[EventDate "2021.02.19"]
[EventType "team-tourn"]
[EventCountry "NET"]
[SourceTitle "playchess.com"]
[Source "ChessBase"]
[SourceQuality "1"]

1. e4 c5 2. f3 d6 3. d3 Nc6 4. Ne2 Nf6 5. Nf4 e6 6. Be2 Be7 7. Be3 O-O 8. O-O d5 9. e5 Nxe5 10. Bd4 cxd4 11. c4 dxc4 12. dxc4 Qb6 13. Nd3 Nxd3 14. Bxd3 Bd7 15. Qc2 Rac8 16. c5 Qxc5 17. Qd2 Bb5 18. Na3 Bxd3 19. Qxd3 Qd5 20. Nb5 a6 21. Nxd4 Bc5 22. Rfe1 Qxd4+ 23. Qe3 Qxe3+ 24. Rxe3 Bxe3+ 25. Kf1 Rc1+ 26. Rxc1 Bxc1 27. b3 Rd8 28. Ke2 Rd2+ 29. Ke3 Rxg2+ 30. Kd4 Rxh2 31. f4 Rxa2 32. Ke5 h5 33. b4 Rd2 34. f5 Rd5# 0-1

[Event "1st FIDE OWCCCC Pools-East 2021"]
[Site "Online"]
[Date "2021.02.19"]
[Round "2"]
[White "Al Shuhaimi, Suad"]
[Black "Badarch, Battulga"]
[Result "0-1"]
[WhiteElo "161"]
[BlackElo "1632"]
[Annotator "NA"]
[PlyCount "76"]
[EventDate "2021.02.19"]
[EventType "team-tourn"]
[EventCountry "NET"]
[SourceTitle "playchess.com"]
[Source "ChessBase"]
[SourceQuality "1"]

1. e4 c5 2. d3 Nc6 3. b3 d6 4. Nc3 Nf6 5. Nb5 a6 6. Na3 g6 7. Be2 Bg7 8. Nh3 Qa5+ 9. b4 cxb4 10. Nc4 Qc7 11. Bg5 O-O 12. O-O b5 13. Ne3 Bxh3 14. d4 Bd7 15. d5 Ne5 16. Bg4 Nexg4 17. Nxg4 Bxg4 18. f3 Bd7 19. Qd2 Qc3 20. Rf2 Qxd2 21. Rxd2 Rac8 22. Bxf6 Bxf6 23. Rb1 a5 24. h4 Bxh4 25. g3 Bxg3 26. Kg2 Be5 27. f4 Bxf4 28. Kf3 Bxd2 29. c4 Rxc4 30. a4 bxa4 31. Rd1 Rc3+ 32. Ke2 Bh6 33. Rh1 Bb5+ 34. Kf2 Be3+ 35. Kf3 Rfc8 36. Rh6 Bxh6+ 37. Kg4 Bd7+ 38. Kh4 Rh3# 0-1

[Event "1st FIDE OWCCCC Pools-East 2021"]
[Site "Online"]
[Date "2021.02.19"]
[Round "2.1"]
[White "Korobov, Anton"]
[Black "Carlsen, Magnus"]
[Result "1/2-1/2"]
[WhiteElo "2683"]
[BlackElo "2862"]
[Annotator "TA"]
[PlyCount "143"]
[EventDate "2021.02.19"]
[EventType "team-tourn"]
[EventCountry "NET"]

1. d4 d5 2. c4 e6 3. Nc3 c6 4. e3 Nf6 5. Nf3 Nbd7 6. Qc2 Bd6 7. Bd3 O-O 8. O-O dxc4 9. Bxc4 Qe7 10. a3 a6 11. Rd1 b5 12. Ba2 c5 13. dxc5 Bxc5 14. Ne4 Bb7 15. Nxc5 Nxc5 16. Qe2 Nfe4 17. Nd4 e5 18. Nf5 Qg5 19. Ng3 Rad8 20. Bd2 Nxd2 21. Rxd2 Ne4 22. Rxd8 Rxd8 23. Rc1 Nxg3 24. hxg3 Qe7 25. b4 g6 26. Rc5 Qd6 27. Bb3 Qd3 28. Bxf7+ Kxf7 29. Rc7+ Kg8 30. Qxd3 Rxd3 31. Rxb7 Rxa3 32. Ra7 h5 33. Kh2 Ra4 34. f3 e4 35. fxe4 Rxb4 36. Rxa6 Kf7 37. Rb6 g5 38. e5 Rb3 39. e6+ Ke7 40. e4 g4 41. Kg1 Rb2 42. Kf1 b4 43. Kg1 b3 44. Kh2 Rb1 45. Rb5 Kxe6 46. Rxh5 Rc1 47. Rb5 Rc3 48. Kg1 Kd6 49. Kf2 Kc6 50. Rb8 Kc5 51. e5 Kd5 52. Rb5+ Ke6 53. Ke2 Rxg3 54. Kf2 Rc3 55. Ke2 Kf5 56. Kf2 Rc2+ 57. Kg3 b2 58. e6+ Kxe6 59. Kxg4 Kd6 60. Kf3 Kc6 61. Rb8 Kc5 62. g4 Kc4 63. Kf4 Kc3 64. g5 Rd2 65. Kf5 Rd4 66. Rxb2 Kxb2 67. g6 Rd1 68. g7 Rg1 69. Kf6 Kc3 70. Kf7 Kd4 71. g8=Q Rxg8 72. Kxg8 1/2-1/2

[Event "1st FIDE OWCCCC Pools-East 2021"]
[Site "Online"]
[Date "2021.02.19"]
[Round "2.1"]
[White "Kazakouski, Valery"]
[Black "Nepomniachtchi, Ian"]
[Result "0-1"]
[WhiteElo "2476"]
[BlackElo "2789"]
[Annotator "TA"]
[PlyCount "66"]
[EventDate "2021.02.19"]
[EventType "team-tourn"]
[EventCountry "NET"]
[SourceTitle "playchess.com"]
[Source "ChessBase"]
[SourceQuality "1"]

1. Nf3 c5 2. c4 Nf6 3. b3 d6 4. Bb2 e5 5. g3 g6 6. Bg2 Bg7 7. O-O Nc6 8. Nc3 O-O 9. d3 h6 10. e3 Be6 11. Rc1 Rc8 12. d4 cxd4 13. exd4 e4 14. Nd2 Bg4 15. Qe1 Nxd4 16. Qe3 Nf5 17. Qxa7 Re8 18. Rfe1 Re7 19. Ndxe4 Nxe4 20. Rxe4 Ra8 21. Qxa8 Qxa8 22. Rxg4 Qe8 23. Kf1 b5 24. Ba1 b4 25. Ne4 Bxa1 26. Rxa1 Kg7 27. Rd1 Ra7 28. Rd2 Qe5 29. Bf3 Qa1+ 30. Rd1 Qxa2 31. c5 Qxb3 32. Kg2 Ra2 33. Kg1 Qxf3 0-1

[Event "1st FIDE OWCCCC Pools-East 2021"]
[Site "Online"]
[Date "2021.02.19"]
[Round "2.1"]
[White "Gajendra, Singh"]
[Black "Bregadze, Levan"]
[Result "0-1"]
[WhiteElo "1850"]
[BlackElo "2454"]
[Annotator "TA"]
[PlyCount "82"]
[EventDate "2021.02.19"]
[EventType "team-tourn"]
[EventCountry "NET"]
[SourceTitle "playchess.com"]
[Source "ChessBase"]
[SourceQuality "1"]

1. d4 Nf6 2. Nf3 g6 3. c4 Bg7 4. g3 O-O 5. Bg2 c5 6. d5 d6 7. O-O e6 8. Nc3 exd5 9. cxd5 a6 10. a4 Re8 11. Nd2 Nbd7 12. a5 b5 13. axb6 Nxb6 14. h3 a5 15. e4 a4 16. Re1 Bd7 17. Kh2 Qc8 18. f4 Nh5 19. Qf3 f5 20. Qf1 a3 21. Bf3 Na4 22. Nxa4 Rxa4 23. Rxa3 Rb4 24. Rb3 fxe4 25. Bxe4 Rxb3 26. Nxb3 Qb8 27. Bc2 Rxe1 28. Qxe1 c4 29. Nd2 Bxb2 30. Nf3 Bxc1 31. Qxc1 c3 32. Ng5 Nf6 33. Qd1 Qb2 34. Kg1 Qb6+ 35. Kg2 Qe3 36. Nf3 Bf5 37. Bxf5 gxf5 38. Qc2 Ne4 39. h4 h5 40. Qa2 Kg7 41. Qa7+ Qxa7 0-1

[Event "1st FIDE OWCCCC Pools-East 2021"]
[Site "Online"]
[Date "2021.02.19"]
[Round "2.2"]
[White "Lizak, Peter"]
[Black "Sharma, Dinesh Kumar"]
[Result "1/2-1/2"]
[WhiteElo "2433"]
[BlackElo "1949"]
[Annotator "TA"]
[PlyCount "79"]
[EventDate "2021.02.19"]
[EventType "team-tourn"]
[EventCountry "NET"]
[SourceTitle "playchess.com"]
[Source "ChessBase"]
[SourceQuality "1"]

1. d4 d5 2. Nc3 e6 3. e4 Nf6 4. Bg5 Bb4 5. e5 h6 6. Bd2 Bxc3 7. Bxc3 Ne4 8. Bd3 Nxc3 9. bxc3 c5 10. Nf3 Qa5 11. Qd2 Nc6 12. h4 Bd7 13. h5 cxd4 14. cxd4 Qxd2+ 15. Kxd2 Ke7 16. Rhb1 b6 17. Ke3 Rhc8 18. Nd2 Na5 19. Rb4 Rc7 20. c4 dxc4 21. Nxc4 Nxc4+ 22. Rxc4 Rxc4 23. Bxc4 Rc8 24. Bd3 Rc3 25. Kd2 Ra3 26. Bc2 Bc6 27. Bb3 Bxg2 28. Rg1 Bd5 29. Kc3 Bxb3 30. axb3 Ra2 31. Rxg7 Rxf2 32. Rh7 Kf8 33. Rh8+ Kg7 34. Ra8 Ra2 35. Kc4 Rc2+ 36. Kd3 Rb2 37. Kc3 Ra2 38. Kc4 Rc2+ 39. Kd3 Ra2 40. Kc4 1/2-1/2

[Event "1st FIDE OWCCCC Pools-East 2021"]
[Site "Online"]
[Date "2021.02.19"]
[Round "2.2"]
[White "Kadatsky, Alexander"]
[Black "Kavaleuski, Stanislau"]
[Result "1/2-1/2"]
[WhiteElo "2368"]
[BlackElo "2315"]
[Annotator "TA"]
[PlyCount "112"]
[EventDate "2021.02.19"]
[EventType "team-tourn"]
[EventCountry "NET"]
[SourceTitle "playchess.com"]
[Source "ChessBase"]
[SourceQuality "1"]

1. e4 e6 2. d4 d5 3. e5 c5 4. c3 Nc6 5. Nf3 Qb6 6. a3 cxd4 7. cxd4 Nh6 8. Nc3 Nf5 9. Na4 Qc7 10. b4 a6 11. Bb2 Bd7 12. Rc1 Be7 13. Nc5 O-O 14. Bd3 Bxc5 15. dxc5 a5 16. b5 Nce7 17. a4 f6 18. O-O Rac8 19. Re1 Qd8 20. Qd2 Ra8 21. h3 Qe8 22. g4 fxe5 23. gxf5 e4 24. Qg5 Nxf5 25. Nh4 h6 26. Qg6 exd3 27. Qxe8 Raxe8 28. Ng6 d2 29. Nxf8 dxe1=Q+ 30. Rxe1 Rxf8 31. Rc1 Rc8 32. f4 Ng3 33. Rc2 Ne4 34. Bd4 Kf7 35. Kg2 g6 36. Kf3 h5 37. Ke3 e5 38. fxe5 Bxh3 39. c6 bxc6 40. bxc6 Ke6 41. c7 Kd7 42. Bb6 Bf1 43. Bxa5 Bc4 44. Bb6 Kc6 45. a5 Kb7 46. Kd4 Ng5 47. Kc5 Ne6+ 48. Kd6 Ng7 49. e6 h4 50. e7 h3 51. Rb2 Ne8+ 52. Kd7 Nf6+ 53. Ke6 Ng8 54. Kd7 Nf6+ 55. Ke6 Ng8 56. Kd7 Nf6+ 1/2-1/2

[Event "1st FIDE OWCCCC Pools-East 2021"]
[Site "Online"]
[Date "2021.02.19"]
[Round "2.2"]
[White "Chini, Fabrizio"]
[Black "Janik, Igor"]
[Result "0-1"]
[WhiteElo "1555"]
[BlackElo "2495"]
[Annotator "ChessBase"]
[PlyCount "54"]
[EventDate "2021.02.19"]
[EventType "team-tourn"]
[EventCountry "NET"]
[SourceTitle "playchess.com"]
[Source "ChessBase"]
[SourceQuality "1"]

1. e4 c6 2. d4 d5 3. Nd2 dxe4 4. Nxe4 Bf5 5. Ng3 Bg6 6. Nh3 e6 7. Nf4 Qc7 8. c3 Nf6 9. Bc4 Bd6 10. Nfh5 Nxh5 11. Nxh5 O-O 12. Qf3 Nd7 13. Nf4 c5 14. Nxg6 hxg6 15. dxc5 Bxc5 16. Bb3 Rad8 17. O-O Ne5 18. Qe2 Nd3 19. Be3 Bxe3 20. Qxe3 Nxb2 21. Qxa7 Rd2 22. a4 Nd3 23. a5 Qxc3 24. Qxb7 Rxf2 25. a6 Rxf1+ 26. Rxf1 Qd4+ 27. Kh1 Nf2+ 0-1

[Event "1st FIDE OWCCCC Pools-East 2021"]
[Site "Online"]
[Date "2021.02.19"]
[Round "2.3"]
[White "Minald, Andrey"]
[Black "Lavrov, Maxim"]
[Result "0-1"]
[WhiteElo "2091"]
[BlackElo "2401"]
[Annotator "TA"]
[PlyCount "100"]
[EventDate "2021.02.19"]
[EventType "team-tourn"]
[EventCountry "NET"]
[SourceTitle "playchess.com"]
[Source "ChessBase"]
[SourceQuality "1"]

1. d4 Nf6 2. c4 g6 3. Nc3 Bg7 4. Nf3 O-O 5. e4 d6 6. Be2 e5 7. dxe5 dxe5 8. Qc2 Nc6 9. Bg5 Nd4 10. Nxd4 exd4 11. Nd5 c6 12. Nxf6+ Bxf6 13. Bxf6 Qxf6 14. c5 Be6 15. O-O Rfd8 16. Bd3 Qf4 17. b4 a5 18. a3 h5 19. Qc1 Qxc1 20. Rfxc1 g5 21. f3 f6 22. Kf2 Kf7 23. Ke2 Ke7 24. b5 cxb5 25. Bxb5 Rac8 26. Kd3 Rc7 27. Rab1 f5 28. Bc4 Rxc5 29. Rxb7+ Kf8 30. Bxe6 Rxc1 31. Rf7+ Ke8 32. exf5 Rd1+ 33. Ke4 Re1+ 34. Kd3 Re3+ 35. Kd2 Re5 36. Rh7 Rd6 37. Rh8+ Ke7 38. Rh7+ Kd8 39. Rh8+ Kc7 40. Rh7+ Kb6 41. g4 hxg4 42. fxg4 d3 43. Bc4 Re2+ 44. Kd1 Rg2 45. Rh3 d2 46. Rf3 Rxg4 47. Bf1 Re4 48. Be2 Rxe2 49. Rb3+ Ka6 50. Kxe2 d1=Q+ 0-1

[Event "1st FIDE OWCCCC Pools-East 2021"]
[Site "Online"]
[Date "2021.02.19"]
[Round "2.4"]
[White "Nanjo, Ryosuke"]
[Black "Kiran, Manisha Mohanty"]
[Result "1-0"]
[WhiteElo "2338"]
[BlackElo "2168"]
[Annotator "TA"]
[PlyCount "53"]
[EventDate "2021.02.19"]
[EventType "team-tourn"]
[EventCountry "NET"]
[SourceTitle "playchess.com"]
[Source "ChessBase"]
[SourceQuality "1"]

1. e4 c5 2. Nf3 d6 3. c3 Nf6 4. Be2 Nbd7 5. d3 b6 6. O-O Bb7 7. Re1 Rc8 8. Bf1 Rc7 9. a4 h6 10. Na3 g5 11. Nb5 Rc8 12. Nxa7 Ra8 13. Nb5 g4 14. Nd2 h5 15. Nc4 Bc6 16. Bg5 h4 17. d4 Rh5 18. Bxf6 Nxf6 19. e5 dxe5 20. dxe5 Bxb5 21. Nd6+ exd6 22. exf6+ Kd7 23. Bxb5+ Kc7 24. Qxg4 Re5 25. Rxe5 dxe5 26. Rd1 Bd6 27. Qe4 1-0

[Event "1st FIDE OWCCCC Pools-East 2021"]
[Site "Online"]
[Date "2021.02.19"]
[Round "2.4"]
[White "Rouda, Hanna"]
[Black "Komiagina, Maria"]
[Result "0-1"]
[WhiteElo "1422"]
[BlackElo "2241"]
[Annotator "NA"]
[PlyCount "92"]
[EventDate "2021.02.19"]
[EventType "team-tourn"]
[EventCountry "NET"]
[SourceTitle "playchess.com"]
[Source "ChessBase"]
[SourceQuality "1"]

1. Nf3 Nf6 2. g3 d5 3. d4 g6 4. Bg2 Bg7 5. O-O O-O 6. b3 c5 7. Bb2 Nc6 8. dxc5 Qa5 9. Nc3 Qxc5 10. e3 e5 11. Na4 Qe7 12. c4 Rd8 13. cxd5 Nxd5 14. Qe2 e4 15. Bxg7 exf3 16. Qxf3 Kxg7 17. Rfd1 Be6 18. e4 Nf6 19. Qe3 Rxd1+ 20. Rxd1 Rd8 21. Qc1 Rxd1+ 22. Qxd1 Qb4 23. Qb1 Nd4 24. h4 b5 25. Nb2 Qd2 26. Nd3 Ne2+ 27. Kh1 Nc3 28. Qf1 Nfxe4 29. Bxe4 Nxe4 30. Kg1 Bf5 31. Nf4 b4 32. Ne2 Nc3 33. Nf4 h5 34. Qa1 Qxa2 35. Qxa2 Nxa2 36. Kf1 Be6 37. Ne2 Bxb3 38. Nd4 Bc4+ 39. Ke1 Nc3 40. Kd2 Nd5 41. Kc1 a5 42. Kb2 a4 43. Nc6 a3+ 44. Ka1 b3 45. Na5 b2+ 46. Kb1 Bd3+ 0-1

[Event "1st FIDE OWCCCC Pools-East 2021"]
[Site "Online"]
[Date "2021.02.19"]
[Round "2.4"]
[White "Tanvi Thakur"]
[Black "Chlost, Marlena"]
[Result "0-1"]
[WhiteElo "1185"]
[BlackElo "2160"]
[Annotator "NA"]
[PlyCount "128"]
[EventDate "2021.02.19"]
[EventType "team-tourn"]
[EventCountry "NET"]
[SourceTitle "playchess.com"]
[Source "ChessBase"]
[SourceQuality "1"]

1. e4 c5 2. Nf3 d6 3. d4 cxd4 4. Nxd4 Nf6 5. Nc3 a6 6. Be2 e5 7. Nf3 Be7 8. O-O O-O 9. Be3 Qc7 10. h3 b5 11. a3 Bb7 12. Re1 Nxe4 13. Nxe4 Bxe4 14. Rc1 d5 15. c3 Nd7 16. Nd2 Bg6 17. Nb3 Nf6 18. Bg5 Rfd8 19. Bxf6 Bxf6 20. Bg4 Qd6 21. Qf3 d4 22. cxd4 exd4 23. Rc6 Qd5 24. Qxd5 Rxd5 25. Bf3 Rd7 26. Rxf6 gxf6 27. Bxa8 d3 28. Rd1 Rc7 29. Kh2 Rc2 30. f3 Rxb2 31. Nc5 Ra2 32. Nxd3 Rxa3 33. Nf4 Bf5 34. Nh5 h6 35. Nxf6+ Kg7 36. Nh5+ Kg6 37. Nf4+ Kg7 38. Rd6 b4 39. Nh5+ Kf8 40. Rxh6 b3 41. Rb6 a5 42. Be4 Bxe4 43. fxe4 a4 44. Nf4 Ra2 45. Nd3 Rc2 46. Rb8+ Ke7 47. Rb4 Ra2 48. Kg3 Kd6 49. Kf4 Rd2 50. Rd4+ Kc7 51. Rc4+ Kb6 52. Rb4+ Ka5 53. Rd4 a3 54. Rd5+ Kb6 55. Nc1 Rxd5 56. exd5 b2 57. Nd3 b1=Q 58. Ne5 a2 59. Nc4+ Kc5 60. Ne3 Qc1 61. g4 a1=Q 62. g5 Qd4+ 63. Kf5 Qcxe3 64. h4 Qdf4# 0-1

[Event "1st FIDE OWCCCC Pools-East 2021"]
[Site "Online"]
[Date "2021.02.19"]
[Round "2.5"]
[White "Bernasek, Jan"]
[Black "Anisimov, Pavel"]
[Result "0-1"]
[WhiteElo "2498"]
[BlackElo "2527"]
[Annotator "ChessBase"]
[PlyCount "76"]
[EventDate "2021.02.19"]
[EventType "team-tourn"]
[EventCountry "NET"]
[SourceTitle "playchess.com"]
[Source "ChessBase"]
[SourceQuality "1"]

1. d4 Nf6 2. c4 e6 3. Nc3 Bb4 4. e3 O-O 5. Nge2 Re8 6. g3 d5 7. cxd5 exd5 8. Bg2 c6 9. O-O Nbd7 10. f3 c5 11. a3 Ba5 12. dxc5 Bxc3 13. Nxc3 Nxc5 14. b4 Na6 15. Ne2 Bf5 16. Nd4 Bg6 17. Qd2 Qe7 18. Re1 Nb8 19. Bb2 Nbd7 20. Rac1 Nb6 21. Bf1 Rac8 22. Rxc8 Rxc8 23. Rc1 Re8 24. Kf2 h5 25. Bb5 Rc8 26. Rxc8+ Nxc8 27. Qc3 Nd6 28. Ke2 h4 29. Qc5 hxg3 30. hxg3 Qe5 31. Kf2 Nfe4+ 32. fxe4 Nxe4+ 33. Ke2 Qh5+ 34. Ke1 Qh1+ 35. Bf1 Nxc5 36. bxc5 Bd3 37. Ne2 Bxe2 38. Kxe2 Qh2+ 0-1

[Event "1st FIDE OWCCCC Pools-East 2021"]
[Site "Online"]
[Date "2021.02.19"]
[Round "2.5"]
[White "Gailliegue, Florian"]
[Black "Skopje"]
[Result "1-0"]
[WhiteElo "2049"]
[BlackElo "2394"]
[Annotator "TA"]
[PlyCount "99"]
[EventDate "2021.02.19"]
[EventType "team-tourn"]
[EventCountry "NET"]
[SourceTitle "playchess.com"]
[Source "ChessBase"]
[SourceQuality "1"]

1. e4 c5 2. Nf3 Nc6 3. d4 cxd4 4. Nxd4 g6 5. c4 Nf6 6. Nc3 d6 7. Be3 Ng4 8. Nxc6 bxc6 9. Bc1 Qb6 10. Qc2 Bg7 11. Nd1 O-O 12. Be2 Ne5 13. O-O c5 14. Nc3 Nc6 15. Be3 Nd4 16. Bxd4 Bxd4 17. Bf3 Bb7 18. b3 e6 19. Rad1 Rad8 20. Rfe1 Bc6 21. Rd3 Kg7 22. Red1 Be5 23. g3 h5 24. h4 Qb7 25. Bg2 f5 26. Re3 f4 27. Red3 fxg3 28. fxg3 Bd4+ 29. Kh2 Be5 30. Re1 Rf7 31. Rf3 Rxf3 32. Bxf3 Rf8 33. Kg2 Qb4 34. Re3 a6 35. Ne2 a5 36. Qd3 Qe1 37. Nf4 Qa1 38. Nxe6+ Kf7 39. Nxf8 Kxf8 40. Qd2 a4 41. Re1 Qd4 42. Qxd4 cxd4 43. b4 a3 44. Rd1 Ba4 45. Rd3 Bc2 46. Rxa3 d3 47. b5 d2 48. b6 Bxe4 49. Kf1 Bb2 50. Rb3 1-0

[Event "1st FIDE OWCCCC Pools-East 2021"]
[Site "Online"]
[Date "2021.02.19"]
[Round "2.6"]
[White "Pancevski, Filip"]
[Black "FI-BONNET"]
[Result "1-0"]
[WhiteElo "2519"]
[BlackElo "1398"]
[Annotator "TA"]
[PlyCount "61"]
[EventDate "2021.02.19"]
[EventType "team-tourn"]
[EventCountry "NET"]
[SourceTitle "playchess.com"]
[Source "ChessBase"]
[SourceQuality "1"]

1. e4 c5 2. Nf3 Nc6 3. Bb5 a6 4. Bxc6 bxc6 5. d3 Nf6 6. O-O e6 7. e5 Nd5 8. Nbd2 Be7 9. Ne4 d6 10. exd6 Bxd6 11. b3 O-O 12. Ba3 Qa5 13. Nxd6 Qxa3 14. Ne5 Ne7 15. Ne4 f6 16. Nc4 Qb4 17. a3 Qb8 18. Nxc5 e5 19. Qf3 Be6 20. Nxe6 Re8 21. Nc5 Nd5 22. Ne3 Nf4 23. g3 Nh3+ 24. Kg2 Ng5 25. Qxc6 Rc8 26. Qd5+ Kh8 27. h4 Nf7 28. Nxa6 Qa7 29. Nb4 Rd8 30. Qf3 Rab8 31. Nc6 1-0

[Event "1st FIDE OWCCCC Pools-East 2021"]
[Site "Online"]
[Date "2021.02.19"]
[Round "2.6"]
[White "Abramov, Valentin"]
[Black "Taborska, Veronika"]
[Result "1-0"]
[WhiteElo "2271"]
[BlackElo "2002"]
[Annotator "NA"]
[PlyCount "73"]
[EventDate "2021.02.19"]
[EventType "team-tourn"]
[EventCountry "NET"]
[SourceTitle "playchess.com"]
[Source "ChessBase"]
[SourceQuality "1"]

1. d4 d5 2. c4 e6 3. Nf3 c6 4. Nbd2 Nf6 5. e3 Be7 6. Bd3 O-O 7. O-O Nbd7 8. e4 dxe4 9. Nxe4 Nxe4 10. Bxe4 Nf6 11. Bc2 Qc7 12. b3 b6 13. Bb2 Bb7 14. Qd3 g6 15. Rfe1 c5 16. dxc5 Qxc5 17. Qc3 Rad8 18. Rad1 Qc7 19. Ne5 Rxd1 20. Rxd1 Rd8 21. Ng4 Rxd1+ 22. Bxd1 Qd8 23. Bc2 Kg7 24. h4 h5 25. Ne5 Kf8 26. Qe3 Kg7 27. g4 hxg4 28. Nxg4 Kf8 29. Qh6+ Ke8 30. Qh8+ Kd7 31. Ne5+ Kc7 32. Qxd8+ Bxd8 33. Nxf7 Be7 34. Bxg6 Ng4 35. Ng5 e5 36. Bf5 Nf6 37. Bxe5+ 1-0

[Event "1st FIDE OWCCCC Pools-East 2021"]
[Site "Online"]
[Date "2021.02.19"]
[Round "2.6"]
[White "Faron, Rafal"]
[Black "Aakanksha Hagawane"]
[Result "1/2-1/2"]
[WhiteElo "2168"]
[BlackElo "2238"]
[Annotator "NA"]
[PlyCount "90"]
[EventDate "2021.02.19"]
[EventType "team-tourn"]
[EventCountry "NET"]
[SourceTitle "playchess.com"]
[Source "ChessBase"]
[SourceQuality "1"]

1. c4 c5 2. g3 Nf6 3. Bg2 d5 4. cxd5 Nxd5 5. Nc3 Nxc3 6. bxc3 e5 7. Rb1 Qc7 8. Nf3 Nc6 9. d3 Be7 10. O-O O-O 11. Be3 Be6 12. Qa4 Rac8 13. Ng5 Bxg5 14. Bxg5 b6 15. c4 Nd4 16. Rb2 h6 17. Be3 Rcd8 18. Bxd4 exd4 19. Qc6 Qe7 20. a4 Rfe8 21. Bf3 Bd7 22. Qb7 Bxa4 23. Qa6 Qd7 24. Ra2 Bc6 25. Qxa7 Bxf3 26. Qxd7 Rxd7 27. exf3 Rd6 28. Rb1 Ree6 29. Ra8+ Kh7 30. Rb8 g5 31. Kg2 Kg7 32. Rb2 Kg6 33. Rb1 Kf6 34. Rb2 Kg7 35. Rb1 Rf6 36. Rb2 Rfe6 37. Rb1 Rc6 38. Rb2 Kf6 39. Rb1 Kg6 40. Rb2 Kg7 41. Rb1 Rf6 42. Rb2 Rfe6 43. Rb1 Rcd6 44. Rb2 Kh7 45. Rb1 Kg7 1/2-1/2